Příběhy o Erikovi 1 /
První ze série příběhů s jedním hlavním hrdinou, indiánským míšencem Erikem. Z amerického i mexického prostředí počátku 20. století, s pistolníky, zločinci, střílením a krutými tresty. Příběhy, které obsahují kriminální zápletky, živé dialogy, polechtají na osrdí a vtáhnou do děje také skutečné hist...
Uloženo v:
| Série: | Příběhy o Erikovi - nové vydání,
část 1 |
|---|---|
| Hlavní autor: | |
| Médium: | E-kniha |
| Jazyk: | Czech |
| Vydáno: |
Praha :
E-knihy jedou,
2026
|
| Příbuzné jednotky: | Z cyklu::
Příběhy o Erikovi - nové vydání |
| Tagy: |
Žádné tagy |
| LEADER | 01420nam a22002417i 4500 | ||
|---|---|---|---|
| 001 | 297595 | ||
| 007 | ta | ||
| 008 | 260416s2026 xr ||||| |||| 00| 0 cze d | ||
| 020 | |a 9990004262218 | ||
| 044 | |a xr | ||
| 100 | 1 | |a Slik, Major |4 aut | |
| 245 | 1 | 0 | |a Příběhy o Erikovi 1 / |c Slik, Major |
| 264 | 1 | |a Praha : |b E-knihy jedou, |c 2026 | |
| 300 | |a 1 online zdroj (133 stran) | ||
| 336 | |a text |b txt |2 rdacontent | ||
| 337 | |a bez média |b n |2 rdamedia | ||
| 338 | |a online zdroj |b cr |2 rdacarrier | ||
| 520 | 2 | |a První ze série příběhů s jedním hlavním hrdinou, indiánským míšencem Erikem. Z amerického i mexického prostředí počátku 20. století, s pistolníky, zločinci, střílením a krutými tresty. Příběhy, které obsahují kriminální zápletky, živé dialogy, polechtají na osrdí a vtáhnou do děje také skutečné historické osoby z té doby. | |
| 787 | 0 | 8 | |g 1 |i Z cyklu: |t Příběhy o Erikovi - nové vydání |
| 910 | |a RBIT002 | ||
| 998 | |d 426221 |a https://core.palmknihy.cz/api/books/426221/cover?tdhqnb |b https://core.palmknihy.cz/api/books/426221/cover/400?tdhqnb |c https://core.palmknihy.cz/api/books/426221/cover/50?tdhqnb |e |g 133 |i 9990004262218 |j https://core.palmknihy.cz/api/books/426221/preview.epub |k https://core.palmknihy.cz/api/books/426221/preview.pdf |l |q 49 |r 1 |s https://www.palmknihy.cz/kniha/426221 |t ebook |y 2026 |z 1 |v Příběhy o Erikovi - nové vydání |w 1 | ||
| 999 | |d 297593 | ||